000 00358nam a2200121Ia 4500
005 20260326100030.0
008 260326s9999||||xx |||||||||||||| ||und||
100 _aLópez Morales, Francisco Javier
245 0 _aCatalogo de Monumentos escultóricos y ... /
_cFrancisco Javier López Morales
260 _bRegina
650 _aARQUITECTURA REGIONAL
942 _cBK
999 _c6568
_d6568